Sử dụng Autocad 2000 : Hoàn thiện bản vẽ thiết kế hai chiều T.2 /

Sách này được biên soạn tiếp theo cuốn Sử dụng Autocad 2000: Cơ sở vẽ thiết kế hai chiều. Nội dung sách gồm 15 chương bao gồm toàn bộ nội dung giúp bạn đọc hoàn thành bản vẽ một thiết kế hai chiều.

Na minha lista:
Detalhes bibliográficos
Autor principal: Nguyễn Hữu Lộc, PTS.
Formato: Livro
Idioma:Vietnamese
Publicado em: Tp.HCM : Nxb Tp.HCM, 1999.
Assuntos:
Tags: Adicionar Tag
Sem tags, seja o primeiro a adicionar uma tag!
Thư viện lưu trữ: Mạng thư viện Đại học Đà Nẵng
LEADER 01233cam a2200373 i 4500
001 000043040
003 915
005 20050222092701.0
008 010217b1999 vm 000 vie
020 |c 44000 
022 |a T 
040 |a IRC  |c IRC  |d IRC 
041 0 |a vie 
082 1 4 |a 006.6  |b NG-L 
100 1 |a Nguyễn Hữu Lộc,  |c PTS. 
245 0 0 |a Sử dụng Autocad 2000 :  |b Hoàn thiện bản vẽ thiết kế hai chiều  |n T.2 /  |c Nguyễn Hữu Lộc. 
260 |a Tp.HCM :  |b Nxb Tp.HCM,  |c 1999. 
300 |a 503 tr. ;  |c 24 cm. 
520 3 |a Sách này được biên soạn tiếp theo cuốn Sử dụng Autocad 2000: Cơ sở vẽ thiết kế hai chiều. Nội dung sách gồm 15 chương bao gồm toàn bộ nội dung giúp bạn đọc hoàn thành bản vẽ một thiết kế hai chiều. 
630 0 4 |a Tin học. 
630 0 4 |a AutoCAD. 
630 0 4 |a Computer graphics. 
630 0 4 |a Đồ hoạ máy tính. 
650 0 4 |a AutoCAD (Phần mềm máy tính) 
OWN |a DUT 
999 |a From the UDN01 
TYP |a Monograph 
TYP |a Printed language 
980 |a Mạng thư viện Đại học Đà Nẵng